00728nam a22002292a 450000100060000000300080000600500170001400800410003103500190007204000320009104100080012308200180013110000320014924500780018126000390025930000290029850000250032750000480035265000320040065000360043265100300046826573BD-RjUL20211209051032.0140322s1945 enk 000 0 eng d a(BD-RjUL)26643 aDLCcTOLdOCLdBD-RjULbeng aeng a950bLAS 19451 aLattimore, Owen,d1900-198910aSolution in Asia /cby Owen Lattimore, with a preface by C. P. Fitzgerald aLondon :bThe Cresset press,c1945 axxiii, 143 p.c19 1/2 cm aMap on lining-papers a"First published in Great Britain in 1945." 0aEastern question (Far East) 0aWorld War, 1939-1945zEast Asia 0aChinaxHistoryy1937-1945